000
00297nam a22001217a 4500
082
_a
001
_b
AAR/P
100
_a
AARSHASRI
245
_a
PROJECT MASTER
_b
ENGLISH
260
_a
TRIVANDRUM
_b
AARSHASRI PUBLISHING CO
_c
2014
300
_a
496
650
_a
PROJECTS, ASSIGNMENTS, SEMINAR
_z
INDIA
942
_c
BK
999
_c
1857
_d
1857